Microelectronic circuits / (Record no. 611227)

000 -LEADER
fixed length control field 01326cam a2200301 i 4500
001 - CONTROL NUMBER
control field 20924324
005 - DATE AND TIME OF LATEST TRANSACTION
control field 20240829115623.0
008 - FIXED-LENGTH DATA ELEMENTS--GENERAL INFORMATION
fixed length control field 190410s2020 nyu b 001 0 eng
010 ## - LIBRARY OF CONGRESS CONTROL NUMBER
LC control number 2019017349
020 ## - INTERNATIONAL STANDARD BOOK NUMBER
International Standard Book Number 9780190853464
Qualifying information (hbk.;
-- acid-free paper)
020 ## - INTERNATIONAL STANDARD BOOK NUMBER
International Standard Book Number 9780190853201
Qualifying information (pbk. ; international edition)
082 00 - DEWEY DECIMAL CLASSIFICATION NUMBER
Classification number 621.381,SED
100 1# - MAIN ENTRY--PERSONAL NAME
Personal name Sedra, Adel S.,
Relator term author.
245 10 - TITLE STATEMENT
Title Microelectronic circuits /
Statement of responsibility, etc. Adel S. Sedra, University of Waterloo, Kenneth C. Smith, University of Toronto, Tony Chan Carusone, University of Toronto, Vincent Gaudet, University of Waterloo.
250 ## - EDITION STATEMENT
Edition statement Eighth edition.
264 #1 - PRODUCTION, PUBLICATION, DISTRIBUTION, MANUFACTURE, AND COPYRIGHT NOTICE
Place of production, publication, distribution, manufacture New York ;
-- Oxford :
Name of producer, publisher, distributor, manufacturer Oxford University Press,
Date of production, publication, distribution, manufacture, or copyright notice [2020]
300 ## - PHYSICAL DESCRIPTION
Extent xxviii, 1244 pages ;
Dimensions 27 cm
336 ## - CONTENT TYPE
Content type term text
Content type code txt
Source rdacontent
337 ## - MEDIA TYPE
Media type term unmediated
Media type code n
Source rdamedia
338 ## - CARRIER TYPE
Carrier type term volume
Carrier type code nc
Source rdacarrier
505 0# - FORMATTED CONTENTS NOTE
Formatted contents note Part.1 Devices and Basic Circuits (Page-2), Part.2 Analog Integrated Circuits (Page-498), Part.3 Digital integrated Circuits (Page-1108).
650 #0 - SUBJECT ADDED ENTRY--TOPICAL TERM
Topical term or geographic name entry element Electronic circuits.
650 #0 - SUBJECT ADDED ENTRY--TOPICAL TERM
Topical term or geographic name entry element Microelectronics.
700 1# - ADDED ENTRY--PERSONAL NAME
Personal name Smith, Kenneth C.
Fuller form of name (Kenneth Carless),
Relator term author.
9 (RLIN) 125480
700 1# - ADDED ENTRY--PERSONAL NAME
Personal name Carusone, Tony Chan,
Relator term author.
9 (RLIN) 125481
700 1# - ADDED ENTRY--PERSONAL NAME
Personal name Gaudet, Vincent,
Relator term author.
9 (RLIN) 125482
942 ## - ADDED ENTRY ELEMENTS (KOHA)
Source of classification or shelving scheme
Koha item type Reference
Edition 8th Edition
Classification part 621.381,SED
Holdings
Withdrawn status Lost status Source of classification or shelving scheme Damaged status Not for loan Permanent Location Current Location Shelving location Date acquired Total Checkouts Full call number Barcode Date last seen Date last checked out Price effective from Koha item type Public note
          Military College of Signals (MCS) Military College of Signals (MCS) General Stacks 08/29/2024 2 621.381,SED MCS38805 10/28/2025 09/18/2025 08/29/2024 Book Almirah No.31, Shelf No.5
© 2023 Central Library, National University of Sciences and Technology. All Rights Reserved.